000 00517nam a22001817a 4500
003 OSt
005 20230914105713.0
020 _a978-93-5035-960-0
040 _cLCC
100 _aARORA, MANISH
245 _aUNIVERSAL'S SHORT ESSAYS & PARAGRAPHS ON LAW INCLUDING LEGAL PERSONALITIES FOR COMPETITIVE EXAMINATIONS
250 _a12TH EDITION
260 _aNEW DELHI
_bUNIVERSAL LAW PUBLISHING
_c2017
300 _aXII, 162P.
500 _aINCLUDES INDEX
600 _2LEGAL LAW-EXAMINATIONS
942 _2lcc
_cBK
_n0
999 _c60143
_d60143